Practical photo-lithography /

Bibliographic Details
Main Author: Willy, Clifford Mason, 1898-
Format: Book
Language:English
Published: London : Pitman, 1940.
Edition:3d. ed.
Subjects:

MARC

Tag First Indicator Second Indicator Subfields
LEADER 00000cam a2200000 4500
001 in00000021977
005 20151007063820.0
008 780825s1940 enka 00010 eng d
010 |a  42046515  
035 |a (OCoLC)04168005 
035 |9 AAD8320AM 
040 |a APL  |c APL  |d TXA  |d UtOrBLW 
049 |a TXAM  |c [158554] 
050 0 |a TR940  |b .W5 1940 
092 |a 775  |b W742p3 
100 1 |a Willy, Clifford Mason,  |d 1898- 
245 1 0 |a Practical photo-lithography /  |c by C. Mason Willy ... 
250 |a 3d. ed. 
264 1 |a London :  |b Pitman,  |c 1940. 
300 |a xiv, 307 pages, 1 unnumbered page :  |b illustrations ;  |c 20 cm. 
336 |a text  |b txt  |2 rdacontent 
337 |a unmediated  |b n  |2 rdamedia 
338 |a volume  |b nc  |2 rdacarrier 
650 0 |a Photolithography. 
999 |a MARS 
999 f f |s 3e422b8f-e320-33f0-a623-ce171c4dc259  |i 5588a887-491a-3df9-9b34-af83e492e0d9  |t 0 
952 f f |p normal  |a Texas A&M University  |b College Station  |c Sterling C. Evans Library  |d Evans: Library Stacks  |t 0  |e TR940 .W5 1940  |h Library of Congress classification  |i unmediated -- volume  |m A14801161107 
998 f f |a TR940 .W5 1940  |t 0  |l Evans: Library Stacks